Statistics for City Furthest from Larger City, 1 for each World Country

Click here to take the quiz!

General Stats

  • This quiz has been taken 46 times
  • The average score is 125 of 196

Answer Stats

Country Continent Dist to larger Lat Lon Pop City % Correct
MexicoNorth America 11,319,058 19.44244244-99.1309882 22,100,000 Mexico City
92%
CubaNorth America 365,500 23.13195884-82.36418217 2,225,000 Havana
90%
JapanAsia 2,903,304 35.68501691139.7514074 39,500,000 Tokyo
90%
United KingdomEurope 2,508,159 51.49999473-0.116721844 14,400,000 London
87%
United StatesNorth America 3,852,376 21.30687644-157.8579979 1,000,000 Honolulu
87%
SpainEurope 1,054,228 40.40002626-3.683351686 6,250,000 Madrid
87%
BrazilSouth America 7,423,585 -23.55867959-46.62501998 21,800,000 São Paulo
87%
AustraliaOceania 5,380,895 -33.92001097151.1851798 4,900,000 Sydney
87%
South KoreaAsia 870,162 37.5663491126.999731 24,400,000 Seoul
87%
ArgentinaSouth America 1,674,284 -34.60250161-58.39753137 15,800,000 Buenos Aires
87%
PeruSouth America 3,130,652 -12.04801268-77.05006209 9,950,000 Lima
87%
PanamaNorth America 511,091 8.96801719-79.53303715 1,460,000 Panama City
85%
IcelandEurope 1,325,275 64.13548-21.89541 118,918 Reykjavik
85%
RussiaEurope 4,177,447 55.7521641237.61552283 16,900,000 Moscow
85%
UruguaySouth America 205,872 -34.85804157-56.17105229 1,830,000 Montevideo
85%
IndonesiaAsia 3,319,480 -6.174417705106.8294376 28,100,000 Jakarta
85%
TurkeyAsia 1,243,141 41.1049961529.01000159 14,300,000 Istanbul
85%
BoliviaSouth America 1,078,911 -16.49797361-68.14998519 1,890,000 La Paz
85%
IndiaAsia 3,654,004 28.669992977.23000403 26,400,000 Delhi
85%
GreeceEurope 570,650 37.9833262323.73332108 3,425,000 Athens
85%
New ZealandOceania 2,161,299 -36.850013174.7649808 1,470,000 Auckland
82%
MoroccoAfrica 831,660 33.59997622-7.616367433 4,175,000 Casablanca
82%
VenezuelaSouth America 1,025,342 10.50099855-66.91703719 3,700,000 Caracas
82%
EgyptAfrica 2,899,392 30.0499603531.24996822 16,800,000 Cairo
82%
UkraineEurope 758,503 50.4333673330.51662797 3,375,000 Kiev
82%
AustriaEurope 217,693 48.2000152816.36663896 2,150,000 Vienna
82%
BahamasNorth America 297,551 25.05823-77.34306 227,940 Nassau
82%
MonacoEurope 12,591 43.733337.41667 32,965 Monaco
82%
VietnamAsia 748,087 10.78002545106.6950272 8,250,000 Ho Chi Minh City
82%
IrelandEurope 221,860 53.33306114-6.248905682 1,330,000 Dublin
82%
Democratic Republic of the CongoAfrica 1,781,875 -4.32972410215.31497188 10,600,000 Kinshasa
82%
Sierra LeoneAfrica 174,038 7.96472-11.73833 174,354 Bo
82%
South AfricaAfrica 4,483,581 -26.1700447428.03000972 13,400,000 Johannesburg
82%
IranAsia 1,913,195 35.6719427751.42434403 13,700,000 Tehran
82%
AfghanistanAsia 370,269 34.5166902969.18326005 3,725,000 Kabul
82%
Vatican CityEurope 2,584 41.9023612.45332 829 Vatican City
82%
TaiwanAsia 358,780 25.03583333121.5683333 9,050,000 Taipei
82%
SudanAfrica 1,606,963 15.5880782332.53417924 5,550,000 Khartoum
82%
MongoliaAsia 839,697 47.9166734106.9166158 1,300,000 Ulaanbaatar
82%
ChinaAsia 40,000,000 23.1449813113.3250101 47,700,000 Guangzhou
79%
QatarAsia 191,407 25.2865560151.53296789 2,025,000 Doha
79%
ThailandAsia 1,533,225 13.74999921100.5166447 16,900,000 Bangkok
79%
NetherlandsEurope 182,126 51.91996914.479974323 3,100,000 Rotterdam
79%
SerbiaEurope 316,640 44.8186454520.46799068 1,400,000 Belgrade
79%
ItalyEurope 657,446 40.8400252514.24501135 4,250,000 Naples
79%
CroatiaEurope 266,996 45.8131315.97753 800,000 Zagreb
79%
HaitiNorth America 257,352 18.5410246-72.33603459 2,850,000 Port-au-Prince
79%
Saint Vincent and the GrenadinesNorth America 161,280 13.15872-61.22475 24,518 Kingstown
79%
BangladeshAsia 1,425,504 23.7230597190.40857947 17,600,000 Dhaka
79%
Czech RepublicEurope 251,180 50.0833370114.46597978 1,470,000 Prague
79%
TunisiaAfrica 570,385 36.8027781410.1796781 2,500,000 Tunis
79%
JamaicaNorth America 475,172 17.99702-76.79358 937,700 Kingston
79%
SwedenEurope 691,207 59.3507599518.09733473 2,075,000 Stockholm
79%
BulgariaEurope 297,253 42.6833494323.31665401 1,330,000 Sofia
79%
HungaryEurope 690,818 47.5000063319.08332068 2,575,000 Budapest
79%
PhilippinesAsia 1,242,199 14.60415895120.9822172 23,300,000 Manila
79%
SloveniaEurope 117,217 46.0510814.50513 272,220 Ljubljana
79%
BelgiumEurope 121,326 50.833317084.333316608 2,025,000 Brussels
79%
NigeriaAfrica 6,366,857 6.4432616533.391531071 17,100,000 Lagos
79%
IraqAsia 695,368 33.338648544.39386877 6,850,000 Baghdad
79%
GuatemalaNorth America 1,059,757 14.62113466-90.52696558 3,000,000 Guatemala City
79%
ColombiaSouth America 1,869,717 4.596423563-74.08334396 9,350,000 Bogotá
79%
AndorraEurope 84,404 42.507791.52109 20,430 Andorra la Vella
79%
Sri LankaAsia 682,701 6.93196575879.85775061 4,675,000 Colombo
79%
Bosnia and HerzegovinaEurope 198,890 43.8486418.35644 696,731 Sarajevo
79%
MaldivesAsia 609,989 4.174873.50888 103,693 Male
79%
NepalAsia 446,082 27.7166919185.31664221 2,775,000 Kathmandu
77%
PakistanAsia 1,101,472 24.8699922966.99000891 24,300,000 Karachi
77%
Costa RicaNorth America 871,607 9.93501243-84.08405135 1,840,000 San José
77%
KuwaitAsia 537,454 29.3697176347.97830115 4,150,000 Kuwait City
77%
IsraelAsia 110,845 32.0799914734.77001176 2,500,000 Tel Aviv-Jaffa
77%
GermanyEurope 450,210 52.5218186613.40154862 4,500,000 Berlin
77%
GhanaAfrica 411,511 5.550034606-0.21671574 4,575,000 Accra
77%
LebanonAsia 84,092 33.8719751235.50970821 1,580,000 Beirut
77%
RomaniaEurope 439,744 44.433371826.09994665 2,200,000 Bucharest
77%
ParaguaySouth America 825,124 -25.29640298-57.64150517 2,200,000 Asunción
77%
El SalvadorNorth America 174,899 13.71000165-89.20304122 1,820,000 San Salvador
77%
SwitzerlandEurope 163,026 47.379987818.55001013 1,360,000 Zurich
77%
SenegalAfrica 1,800,939 14.71583173-17.47313013 3,300,000 Dakar
77%
YemenAsia 861,650 15.354733344.20659338 2,475,000 Sana'a
77%
AzerbaijanAsia 541,889 40.3952720349.86221716 2,450,000 Baku
77%
Dominican RepublicNorth America 938,446 18.47007285-69.90008508 3,650,000 Santo Domingo
77%
LuxembourgEurope 40,094 49.611676.13 76,684 Luxembourg
74%
LatviaEurope 362,941 56.94624.10589 742,572 Riga
74%
EthiopiaAfrica 987,453 9.03331036338.70000443 3,475,000 Addis Ababa
74%
GeorgiaAsia 173,032 41.7250099944.79079545 1,230,000 Tbilisi
74%
AlbaniaEurope 153,481 41.327519.81889 374,801 Tirana
74%
SingaporeAsia 316,899 1.293033466103.8558207 6,900,000 Singapore
74%
Saudi ArabiaAsia 991,417 24.6408331546.77274166 6,700,000 Riyadh
74%
BelarusEurope 435,259 53.8999774427.56662716 1,960,000 Minsk
74%
CyprusAsia 213,040 35.1666733.36667 200,452 Nicosia
74%
NicaraguaNorth America 342,289 12.15301658-86.26849166 1,340,000 Managua
74%
AngolaAfrica 549,102 -8.83828611413.23442704 6,800,000 Luanda
74%
SyriaAsia 612,357 33.50003436.29999589 3,475,000 Damascus
74%
United Arab EmiratesAsia 855,742 25.2299961555.27997432 3,925,000 Dubai
74%
MalaysiaAsia 1,006,538 3.166665872101.6999833 7,000,000 Kuala Lumpur
74%
MoldovaEurope 152,712 47.0055628.8575 635,994 Chisinau
74%
TanzaniaAfrica 2,453,110 -6.80001259539.26834184 5,300,000 Dar es Salaam
74%
ChadAfrica 710,982 12.1130965415.04914831 1,210,000 Ndjamena
72%
NamibiaAfrica 1,141,872 -22.5594117.08323 268,132 Windhoek
72%
Burkina FasoAfrica 628,382 12.37031598-1.524723756 2,100,000 Ouagadougou
72%
SeychellesAfrica 1,085,020 -4.6166755.45 22,881 Victoria
72%
SomaliaAfrica 1,021,181 2.06668133445.36667761 1,720,000 Mogadishu
72%
UgandaAfrica 503,338 0.31665895532.58332353 3,025,000 Kampala
72%
LiberiaAfrica 359,117 6.31055666-10.80475163 1,340,000 Monrovia
72%
MauritiusAfrica 880,234 -20.1619457.49889 155,226 Port Louis
72%
KenyaAfrica 667,985 -1.28334674236.81665686 5,200,000 Nairobi
72%
MyanmarAsia 575,254 16.783354196.16667761 5,150,000 Yangon
72%
GuineaAfrica 706,567 9.531522846-13.68023503 2,225,000 Conakry
72%
Guinea-BissauAfrica 331,647 11.86357-15.59767 388,028 Bissau
72%
UzbekistanAsia 754,277 41.3117018869.29493282 2,650,000 Tashkent
72%
MaliAfrica 920,112 12.65001467-8.000039105 2,950,000 Bamako
72%
ArmeniaAsia 279,232 40.1811507444.51355139 1,480,000 Yerevan
72%
São Tomé and PríncipeAfrica 256,748 0.336546.72732 53,300 Sao Tome
72%
DenmarkEurope 1,437,609 64.18347-51.72157 14,798 Nuuk
69%
KosovoEurope 176,206 42.6727221.16688 550,000 Pristina
69%
GuyanaSouth America 521,689 6.80448-58.15527 235,017 Georgetown
69%
SurinameSouth America 346,543 5.86638-55.16682 223,757 Paramaribo
69%
TajikistanAsia 305,294 38.5357568.77905 679,400 Dushanbe
69%
South SudanAfrica 513,663 4.8516531.58247 300,000 Juba
69%
DjiboutiAfrica 432,179 11.5890143.14503 623,891 Djibouti
69%
TogoAfrica 171,912 6.1319370721.222757119 1,820,000 Lomé
69%
LithuaniaEurope 172,868 54.6891625.2798 542,366 Vilnius
69%
KazakhstanAsia 666,491 43.3249898576.91503617 1,770,000 Almaty
69%
GrenadaNorth America 134,060 12.05644-61.74849 7,500 Saint George's
69%
MadagascarAfrica 1,610,906 -18.9166373547.5166239 2,225,000 Antananarivo
69%
KyrgyzstanAsia 195,259 42.8774.59 900,000 Bishkek
69%
Papua New GuineaOceania 2,086,510 -9.44314147.17972 283,733 Port Moresby
69%
Cape VerdeAfrica 650,488 14.93152-23.51254 113,364 Praia
67%
East TimorAsia 280,133 -8.55861125.57361 150,000 Dili
67%
EritreaAfrica 436,608 15.3380538.93184 563,930 Asmara
67%
ZimbabweAfrica 975,717 -17.8177896931.04470943 2,325,000 Harare
67%
BahrainAsia 52,741 26.2361362950.58305172 1,360,000 Manama
67%
GabonAfrica 405,212 0.392419.45356 578,156 Libreville
67%
BarbadosNorth America 339,927 13.1-59.61667 98,511 Bridgetown
67%
BruneiAsia 49,432 4.94029114.94806 64,409 Bandar Seri Begawan
67%
MauritaniaAfrica 405,854 18.08642702-15.97534041 1,060,000 Nouakchott
67%
RwandaAfrica 376,643 -1.95359006930.06053178 1,000,000 Kigali
64%
SamoaOceania 1,151,095 -13.83333-171.76666 40,407 Apia
64%
Côte d'IvoireAfrica 832,256 5.319996967-4.04004826 5,050,000 Abidjan
64%
MalawiAfrica 515,762 -13.9832950733.78330196 1,070,000 Lilongwe
64%
BhutanAsia 73,434 27.4660989.64191 98,676 Thimphu
64%
Antigua and BarbudaNorth America 98,055 17.11717-61.84573 24,226 Saint John's
64%
Central African RepublicAfrica 783,810 4.36664430618.55828813 1,060,000 Bangui
64%
Saint LuciaNorth America 67,747 13.9957-61.00614 20,000 Castries
64%
MontenegroEurope 124,256 42.4411119.26361 136,473 Podgorica
62%
Saint Kitts and NevisNorth America 95,686 17.29484-62.7261 12,920 Basseterre
62%
BurundiAfrica 175,917 -3.382229.3644 331,700 Bujumbura
62%
Solomon IslandsOceania 1,402,385 -9.43333159.95 56,298 Honiara
62%
FijiOceania 1,332,868 -18.14161178.44149 77,366 Suva
59%
TongaOceania 744,604 -21.13938-175.2018 22,400 Nuku'alofa
59%
PolandEurope 307,009 50.2603804719.02001705 2,375,000 Katowice
59%
TuvaluOceania 873,362 -8.52425179.19417 4,492 Funafuti
59%
VanuatuOceania 539,380 -17.73381168.32188 35,901 Port Vila
59%
BelizeNorth America 112,528 17.49952-88.19756 61,461 Belize City
56%
ComorosAfrica 245,753 -11.7021643.25506 42,872 Moroni
56%
CameroonAfrica 605,368 4.0604097699.709991006 2,825,000 Douala
54%
DominicaNorth America 71,344 15.30174-61.38808 16,571 Roseau
49%
Marshall IslandsOceania 661,338 7.08971171.38027 25,400 Majuro
49%
FinlandEurope 400,570 65.0123625.46816 128,618 Oulu
38%
Republic of the CongoAfrica 383,664 -4.7760911.86352 659,084 Pointe-Noire
36%
SlovakiaEurope 177,937 48.7139521.25808 236,563 Kosice
33%
PalauOceania 876,188 7.33978134.47326 14,000 Koror State
31%
HondurasNorth America 234,946 15.50002159-88.02998621 1,110,000 San Pedro Sula
28%
NorwayEurope 860,803 78.2215.65 2,060 Longyearbyen
28%
ChileSouth America 3,530,798 -27.11124-109.35053 4,000 Hanga Roa
26%
JordanAsia 192,376 29.5266735.00778 95,048 Aqaba
23%
FranceEurope 3,345,646 -49.3570.21667 45 Port-aux-Francais
21%
PortugalEurope 972,964 37.73333-25.66667 20,056 Ponta Delgada
18%
EcuadorSouth America 1,054,510 -0.74018-90.3138 8,996 Puerto Ayora
18%
MaltaEurope 109,283 35.8972214.46111 21,676 Birkirkara
18%
San MarinoEurope 10,848 43.9689712.48167 9,258 Serravalle
18%
LaosAsia 218,026 19.88601102.13503 47,378 Louangphabang
18%
MacedoniaEurope 105,650 41.0314321.33474 86,528 Bitola
18%
EstoniaEurope 118,012 58.3858824.49711 44,192 Parnu
18%
OmanAsia 598,482 17.0150554.09237 163,140 Salalah
18%
CanadaNorth America 853,164 62.81732-92.08324 2,334 Rankin Inlet
18%
Federated States of MicronesiaOceania 1,016,144 7.45154151.8468 13,856 Weno
15%
AlgeriaAfrica 689,646 22.7855.52278 73,128 Tamanrasset
15%
CambodiaAsia 238,186 13.10271103.19822 150,444 Battambang
15%
LibyaAfrica 746,746 24.2048723.2857 46,050 Al Jawf
13%
BotswanaAfrica 349,450 -19.9833323.41667 49,945 Maun
13%
TurkmenistanAsia 260,499 39.5107554.36713 87,822 Balkanabat
13%
MozambiqueAfrica 462,921 -15.1164639.2666 388,526 Nampula
10%
North KoreaAsia 225,720 41.79556129.77583 327,000 Chongjin
10%
SwazilandAfrica 123,107 -26.4988431.38004 110,537 Manzini
10%
BeninAfrica 277,140 9.708531.66598 237,040 Djougou
10%
ZambiaAfrica 408,750 -15.2483523.12741 52,534 Mongu
8%
Equatorial GuineaAfrica 227,554 -1.401395.6325 4,433 Pale
8%
NigerAfrica 491,314 18.6853212.91643 2,291 Bilma
8%
KiribatiOceania 1,895,621 2.01643-157.48773 1,881 Tabwakea Village
8%
GambiaAfrica 98,130 13.56667-15.6 29,867 Farafenni
8%
Trinidad and TobagoNorth America 209,874 10.64917-61.49889 157,258 Chaguanas
5%
NauruOceania 700,498 -0.52545166.91247 2,381 Arijejen
5%
LesothoAfrica 116,896 -30.1153728.68936 25,573 Qacha's Nek
3%
LiechtensteinEurope 5,187 47.210719.52223 4,008 Eschen
3%

Score Distribution

Percentile by Number Answered

Percent of People with Each Score

Your Score History

You have not taken this quiz